000 00291nam a2200109Ia 4500
008 200302s9999 xx 000 0 und d
100 _aS. K. Ramachandra Rao
245 _aArt & Architecture of India Temples Vol 3
260 _bKalpatharu Research Academy
260 _c1995
300 _a324 P.,
999 _c2298
_d2298